000 01139nam a2200313 a 4500
001 000113839
003 CHAP
005 20220329144415.0
008 170929s2017 mx a fsm |||||||spa d
010 _a110300
011 _a111272
040 _cCHAP
090 _aTesis
100 1 _aPérez Figueroa, Carolina Esther
_9133551
245 1 0 _aProducción de metano en codigestión anaerobia con contenidos altos de glicerol /
_h[En línea]
_cpor Carolina Esther Pérez Figueroa.
260 _aChapingo, Méx. :
_bEl autor,
_c2017.
500 _aPara ver el contenido del material haga clic en la liga
502 _aTesis (Ingeniero en Irrigación) -- UACH. Departamento de Irrigación
590 _aE8697GMM
_b05
_c20170929
_lUCH01
_h1004
590 _aE8697GMM
_b05
_c20170929
_lUCH01
_h1006
590 _aE8697GMM
_b05
_c20170929
_lUCH01
_h1416
650 1 4 _aDigestores
_xRendimiento.
_9133438
650 1 4 _aGallinaza
_xAprovechamiento.
_9133552
650 1 4 _aMetano
_xObtención y producción.
_9133440
856 _aFinding aid
_uhttp://10.13.5.2/tesis/sist113839.pdf
_zTeclea aquí
901 _aBK
942 _cTESIS
942 _n0
999 _c110300
_d110300